LEADER 01291nam 2200385Ia 450 001 9910697172503321 005 20230902161718.0 035 $a(CKB)5470000002385185 035 $a(OCoLC)690109765 035 $a(EXLCZ)995470000002385185 100 $a20101207d2004 ua 0 101 0 $aeng 135 $aurmn||||||||| 181 $ctxt$2rdacontent 182 $cc$2rdamedia 183 $acr$2rdacarrier 200 10$aAssessment of paint layers by FE-SEM and EDS examination$b[electronic resource] /$fby Donovan Harris 210 1$aAberdeen Proving Ground, MD :$cArmy Research Laboratory,$d[2004] 215 $a1 online resource (vi, 30 pages) $ccolor illustrations 225 1 $aARL-TR ;$v3232 300 $aTitle from title screen (viewed on Dec. 3, 2010). 300 $a"June 2004." 410 0$aARL-TR (Aberdeen Proving Ground, Md.) ;$v3232. 606 $aPaint$xAnalysis 606 $aScanning electron microscopy 615 0$aPaint$xAnalysis. 615 0$aScanning electron microscopy. 700 $aHarris$b Donovan$01402021 712 02$aU.S. Army Research Laboratory. 801 0$bGPO 801 1$bGPO 906 $aBOOK 912 $a9910697172503321 996 $aAssessment of paint layers by FE-SEM and EDS examination$93486740 997 $aUNINA LEADER 01953nam 2200541zu 450 001 9910375759103321 005 20210807005100.0 010 $a1-4673-1822-1 035 $a(CKB)3780000000085120 035 $a(SSID)ssj0001456097 035 $a(PQKBManifestationID)11952341 035 $a(PQKBTitleCode)TC0001456097 035 $a(PQKBWorkID)11409232 035 $a(PQKB)10095678 035 $a(WaSeSS)IndRDA00038065 035 $a(Association for Computing Machinery)10.5555/2663608 035 $a(EXLCZ)993780000000085120 100 $a20160829d2012 uy 101 0 $aeng 135 $aur||||||||||| 181 $ctxt 182 $cc 183 $acr 200 10$a2012 7th International Workshop on Automation of Software Test (AST) : proceedings : June 2-3, 2012, Zurich, Switzerland 210 31$a[Place of publication not identified]$cIEEE Press$d2012 215 $a1 online resource (159 pages) 225 1 $aACM Conferences 300 $aBibliographic Level Mode of Issuance: Monograph 410 0$aACM Conferences 517 1 $aAST 517 1 $aAutomation of Software Test 517 1 $aProceedings of the 7th International Workshop on Automation of Software Test 606 $aComputer software$xTesting$xAutomation$vCongresses 606 $aSoftware engineering$vCongresses 606 $aEngineering & Applied Sciences$2HILCC 606 $aComputer Science$2HILCC 615 0$aComputer software$xTesting$xAutomation 615 0$aSoftware engineering 615 7$aEngineering & Applied Sciences 615 7$aComputer Science 701 $aHoffman$b Daniel M$067042 712 02$aACM Digital Library. 712 02$aInstitute of Electrical and Electronics Engineers. 801 0$bPQKB 906 $aBOOK 912 $a9910375759103321 996 $a2012 7th International Workshop on Automation of Software Test (AST) : proceedings : June 2-3, 2012, Zurich, Switzerland$92238030 997 $aUNINA